| 000 | 00430nam a2200169Ia 4500 | ||
|---|---|---|---|
| 001 | 25233 | ||
| 005 | 20260414151136.0 | ||
| 008 | 260414t2020||||xx |||||||||||||| ||spa|| | ||
| 041 | _aESP | ||
| 082 |
_a346.4 _bV917 T. 4 |
||
| 245 | 0 |
_aTratado de derechos reales : _berechos reales de garantía. Hipoteca |
|
| 260 | _c2020 | ||
| 300 |
_a353 páginas : _c24 cm. |
||
| 650 | _aDER | ||
| 654 | _aCDE | ||
| 942 |
_cLIB _dJUS _fJUS _2ddc _n |
||
| 999 |
_c25233 _d25233 |
||